000 00355nam a22001331a 4500
082 _aM301
_bPUT
245 _aPuthiya prakashangal : navagatharude therenjedutha kadhakal
260 _aKozhikode:
_bSahitya Book Publishers,
_c2005.
300 _a91p.
650 _aStories Malayalam
650 _aLiterature Malayalam
650 _aLiterature
942 _cBK
999 _c36661
_d36661